000 00817nam a2200253Ia 4500
003 OSt
005 20220925230703.0
006 a|||||r|||| 00| 0
007 ta
008 220923b |||||||| |||| 00| 0 eng d
020 _a9781848135093
_c4682.0600000000004
037 _b33928, 27/02/2012, Segment Book Distrobutors
_cGeneral Book
040 _aRTL
_cRTL
_beng
041 _2eng
_aeng
082 _aU435.6, Q1
100 _aMyers Garth
_9294143
245 0 _aAfrican cities
_b Alternative visions of urban theory and practice
260 _aLondon
_bZed Books
_c2011
300 _axi, 242p
_ccm.
500 _aBibliography: P 199-232
650 _aGeography
942 _hU435.6, Q1
_cGB
_2CC
999 _c586349
_d586349